| 000 | 00471nam a22001697a 4500 | ||
|---|---|---|---|
| 003 | 0 | ||
| 005 | 20231206095538.0 | ||
| 008 | 231206b xxu||||| |||| 00| 0 eng d | ||
| 020 | _a978-1949679-51-9 | ||
| 050 |
_aER _bLit779 2018 |
||
| 082 |
_aER _bLit779 2018 |
||
| 245 | _aLittle red riding hood | ||
| 260 |
_aNew York _bLittle Hippo Books _cc2018. |
||
| 300 |
_aunnumbered pages : _bcolored illustrations ; _c20cm. |
||
| 650 | _aChildren's stories. | ||
| 942 |
_2ddc _cBK |
||
| 999 |
_c365717 _d365717 |
||